Normal view MARC view
  • BALLY, THOMAS A

Entry Personal Name

Number of records used in: 1

001 - CONTROL NUMBER

  • control field: 57944

003 - CONTROL NUMBER IDENTIFIER

  • control field: NUST

005 - DATE AND TIME OF LATEST TRANSACTION

  • control field: 20210628202027.0

008 - FIXED-LENGTH DATA ELEMENTS

  • fixed length control field: 210628|| aca||aabn | a|a d

040 ## - CATALOGING SOURCE

  • Original cataloging agency: NUST
  • Transcribing agency: NUST

100 ## - HEADING--PERSONAL NAME

  • Personal name: BALLY, THOMAS A

670 ## - SOURCE DATA FOUND

  • Source citation: Work cat.: (NUST): BALLY, THOMAS A, THE MAN IN THE STREET THE IMPACT OF AMERICAN PUBLIC OPINION OF FOREIGN POLICY, 1948
© 2023 Central Library, National University of Sciences and Technology. All Rights Reserved.